| Поле | Инд. | ПП | Название | Значение |
|---|---|---|---|---|
| Тип записи | a | |||
| Библиографический уровень | a | |||
| 001 | Контрольный номер | 39ce7fdd86974ee7b6c2e289631450af | ||
| 005 | Дата корректировки | 20190518092246.4 | ||
| 100 | a | Данные общей обработки | 20190516 ||| 0rusy0189 ca | |
| 101 | 0_ | a | Язык текста | rus |
| 102 | a | Страна публикации | RU | |
| 200 | 1_ | f | Первые сведения об ответственности | Б.В. Прасолов |
| a | Заглавие | К вопросу о специальных субъектах трудового права | ||
| b | Общее обозначение материала | Текст | ||
| 210 | 1_ | d | Дата издания | 2019 |
| 461 | _0 | 1 | 2000 | |
| a | Вопросы трудового права | |||
| 463 | _0 | 1 | 2000 | |
| a | № 3 | |||
| v | С. 51-55 | |||
| 1 | 2101 | |||
| d | 2019 | |||
| 1 | 001f2c79040035f4a6c9372d950db3dbafb | |||
| 606 | a | Основная рубрика | Трудовое право | |
| 610 | 0_ | a | Ключевые слова | СУБЪЕКТ ПРАВА |
| a | Ключевые слова | ОТДЕЛЬНЫЕ КАТЕГОРИИ РАБОТНИКОВ | ||
| 700 | _1 | a | Фамилия | Прасолов |
| b | Имя | Б.В. | ||
| 801 | _0 | a | Страна | RU |
| b | Организация | РГУП | ||
| c | Дата составления | 20190516 | ||
| g | Правила каталогизации | PSBO | ||
| 801 | _1 | a | Страна | RU |
| b | Организация | РГУП | ||
| c | Дата составления | 20190516 | ||
| g | Правила каталогизации | PSBO | ||
| 901 | t | Тип документа | b | |
| w | Контрольный № источника | f2c79040035f4a6c9372d950db3dbafb | ||
| 905 | a | Дата ввода | 20190516 |